| 000 | 01257nam a2200361Ka 4500 | ||
|---|---|---|---|
| 020 | _a156234269X | ||
| 020 | _a9781562342692 | ||
| 020 | _a1562342703 | ||
| 020 | _a9781562342708 | ||
| 020 | _a1562342711 | ||
| 020 | _a9781562342715 | ||
| 020 | _a1562342665 | ||
| 020 | _a9781562342661 | ||
| 040 | _cCMI | ||
| 082 | 0 | _a372 GRE 1998 A065 Or. | |
| 245 | 0 | 0 |
_aLiterature : _b[skill-based reproducible activities] / |
| 246 | 3 | 0 | _aLiterature |
| 246 | 3 | _aBest of Teacher's helper magazine literature | |
| 260 |
_aGreensboro, N.C. : _bThe Education Center, _cc1998-1999. |
||
| 300 |
_a4 v. : _bill. ; _c28 cm. |
||
| 500 | _aAt head of title: The best of Teacher's helper magazine. | ||
| 520 | _aA collection of reproducible units from Teacher's Helper magazine designed to introduce learners to great literature and strengthen literacy skills. Literature-based skills for kindergarten, grade 1, grades 2-3, and grades 4-5. | ||
| 650 | 0 | _aLiterature | |
| 650 | 0 | _aLiterature | |
| 650 | 0 | _aLiterature | |
| 650 | 0 | _aEducation, Preschool | |
| 650 | 0 | _aTeaching | |
| 700 | 1 | _aGriswell, Kim T. | |
| 700 | 1 | _aBennett, Jennifer Tipton. | |
| 710 | 2 | _aTeacher's helper. | |
| 710 | 2 | _aEducation Center (Greensboro, N.C.) | |
| 942 | _cEK | ||
| 999 |
_c14257 _d14257 |
||